000 00441nam a2200145Ia 4500
003 OSt
005 20260129111801.0
008 211028s2018 xx 000 0 und d
040 _cAIMIT LIBRARY
041 _aeng
100 _aRamesh, Kattungal Rohit; Suresh, Rajini.
_g1616083
_97839
245 _aStudy on employee motivation with reference to wockhardt Hospitals Surat /
260 _aMangalore
_bRajani Suresh.
_c2018
942 _2ddc
_cPRO
999 _c219407
_d219407